000 00923nam a2200241 a 4500
001 000026776
005 20200930030415.0
008 110325s1986 dr ab d 000 0 spa d
040 _aDO-SdBNP
_bspa
_cBNPHU
082 _aR 972.93003
_bR977d
100 1 _aRutinel Domínguez, José Ulises
_936435
245 1 0 _aDiccionario histórico dominicano /
_cJosé Ulises Rutinel Domínguez, Dario de León.
260 _aSanto Domingo :
_bUniversitaria,
_c1986.
300 _a365 p. :
_bil., maps. ;
_c21 cm.
490 1 _aPublicaciones de la Universidad Autónoma de Santo Domingo
_v499
490 1 _aHistoria y sociedad
_v69
651 4 _aRepública Dominicana
_xHistoria
_vDICCIONARIOS
_953884
700 1 2 _aLeón, Dario de
_953885
830 0 _aPublicaciones de la Universidad Autónoma de Santo Domingo
_n499
_953886
830 0 _aHistoria y sociedad
_n69
_953887
910 _aValidado. Control de calidad MFF
049 _aBNPD
999 _c26268
_d26268